00278nam a22001337a 4500003000400000020001800004082001600022100001900038245002400057250000800081260002800089300000800117650001900125SGT a9789374736425 a617.3bB21K aKOLEY, SHYAMAL aTB. OF BIOMECHANICS a1ST aINDIA bAITBS PUBc2021 a318 aPHYSIOTHERAPY